=LDR 00000nam 2200000 4500 =001 INLIS000000000036299 =005 20130612142108 =008 ***********************************Ind** =035 ##$$0010-061300000036299 =041 ##$$a Ind =082 ##$$a 813 =090 ##$$a 813, Tan k =100 ##$$a Tansri, Meiliana K =245 ##$$a Konser, Meliana K Tansri =260 ##$$a 2009 $b Jakarta =300 ##$$a 295 hlm, 21 cm =650 ##$$a Fiksi Indonesia =850 ##$$a NBPNMAT =990 ##$$a 0001/BPAP-NTB/20142014 =990 ##$$a 0001/BPAP-NTB/20142014 =990 ##$$a 0001/BPAP-NTB/20142015